Statistiche per Paesi dell'Africa per area

Clicka qui per fare il quiz!

Statistiche generali

  • Questo quiz è stato fatto 106 volte
  • Il punteggio medio è 44 su 54

Statistiche sulle risposte

rangonazione% Corretto
1Algeria
94%
27Congo
94%
2Dem Rep Congo
94%
4Libia
93%
12Egitto
92%
10Etiopia
92%
6Niger
92%
3Sudan
92%
9Sudafrica
91%
5Ciad
90%
14Nigeria
90%
20Somalia
87%
37Eritrea
86%
8Mali
86%
18Marocco
86%
43Lesotho
85%
11Mauritania
85%
31Guinea
84%
19Sud Sudan
84%
7Angola
83%
34Senegal
83%
32Ghana
81%
22Madagascar
81%
46Ruanda
81%
13Tanzania
81%
17Zambia
81%
45Burundi
80%
24Kenya
80%
16Mozambico
80%
15Namibia
80%
35Tunisia
80%
26Zimbabwe
80%
21Repubblica
Centrafricana
79%
48Eswatini
78%
33Uganda
78%
38Benin
77%
28Côte d'Ivoire
77%
49Gambia
77%
44Guinea Equatoriale
76%
52Mauritius
76%
53Sao Tome e Principe
76%
40Sierra Leone
76%
29Burkina Faso
74%
42Guinea-Bissau
74%
54Seychelles
74%
41Togo
74%
51Comoros
72%
39Liberia
72%
23Botswana
71%
25Camerun
70%
36Malawi
70%
47Gibuti
69%
50Cabo Verde
67%
30Gabon
67%

Distribuzione punteggi

Percentile per numero di risposta

Percentuale di utenti per punteggio

I tuoi punteggi nel tempo

Non hai fatto questo quiz